Cura mufas /

Guardado en:
Autor Principal: Devetach, Laura.
Otros Autores: Marín; il.
Formato: Libro
Idioma:Undetermined
Publicado: Buenos Aires : Colihue, 2002.
Edición:1a ed. 5a reimp.
Series:El pajarito remendado
Materias:
Etiquetas: Agregar Etiqueta
Sin Etiquetas, Sea el primero en etiquetar este registro!
LEADER 00649nam a22002175a 4500
001 CEM.cems024656
008 250604s2002####ag############000#0#und#d
005 20250604143039.0
245 1 0 |a Cura mufas /  |c Laura Devetach ; ilustraciones de Marín. 
250 |a 1a ed. 5a reimp. 
260 |a Buenos Aires :  |b Colihue,  |c 2002. 
300 |a 16 p. 
490 1 |a El pajarito remendado 
020 |a 9505814232 
100 1 |a Devetach, Laura. 
700 1 |a Marín; il. 
653 |a Humor infantil 
653 |a Literatura argentina 
653 |a Literatura infantil 
653 |a Humor 
859 |a CEMS  |b BIB. CEMS - Inicial y Primaria  |h A863.4  |i D4944-21  |k IP  |p 3229  |t Ej.1